| 000 | 00948nam a22003017a 4500 | ||
|---|---|---|---|
| 001 | 5869 | ||
| 003 | FISKH | ||
| 005 | 20250820093226.0 | ||
| 008 | 250127b cb ||||| |||| 00| 0 eng d | ||
| 020 | _a9780689712265 | ||
| 040 |
_aFISKH _beng _cFISKH _dFISKH |
||
| 050 | _aPZ7.S9667 | ||
| 082 | _a891.7 | ||
| 100 |
_aGinsburg, Mirra _d(1909–2000) |
||
| 245 |
_aThe chick and the duckling / _cby Mirra Ginsburg ; Pictures by Jose Aruego & Ariane Dewey |
||
| 250 | _aFirst paperback edition 1988 | ||
| 260 |
_aNew York : _bAladdin, _c1972. |
||
| 300 |
_a29 pages : _bcolor illustrations ; _c23 cm |
||
| 505 | _aE | ||
| 520 | _aHatched at the same time, the chick does fine imitating the duckling until the latter goes for a swim. | ||
| 521 | 8 |
_a210
_bLexile |
|
| 521 | 8 |
_aE
_bRaz-Plus |
|
| 650 |
_2Animals _aFriends |
||
| 650 |
_2Friendship _aDucks |
||
| 700 |
_aAruego, Jose _dillustrator |
||
| 942 |
_2ddc _cBK _n0 |
||
| 999 |
_c5869 _d5869 |
||